| 000 | 00538nam a22001817a 4500 | ||
|---|---|---|---|
| 999 |
_c524665 _d524665 |
||
| 003 | NUST | ||
| 038 | _aFaiza | ||
| 082 |
_a891.423 _bMAT |
||
| 100 |
_aMathda, Gardeep Singh _915466 |
||
| 245 |
_aZulm keh Insaaf / _cGardeep Singh Mathda |
||
| 260 |
_aLahore : _bRavi Kitab Ghar, _c2008. |
||
| 300 | _a112 p. ; | ||
| 500 | _aHard cover. | ||
| 880 |
_6100-01\r _aگردیپ سنگھ متھڈا |
||
| 880 |
_6245-02\r _aظلم کہ انصاف / |
||
| 880 |
_6260-03\r _aلاہور : _bراوی کتاب گھر, _c۲۰۰۸. |
||
| 942 |
_2ddc _cBK |
||